Política social /
Zapisane w:
| 1. autor: | |
|---|---|
| Kolejni autorzy: | |
| Format: | Texto |
| Wydane: |
Madrid:
McGraw-Hill
|
| Hasła przedmiotowe: | |
| Etykiety: |
Dodaj etykietę
Nie ma etykietki, Dołącz pierwszą etykiete!
|
MARC
| LEADER | 00000 a a2200000 04500 | ||
|---|---|---|---|
| 001 | 31930 | ||
| 003 | |||
| 040 | |||
| 020 | |a 84-481-1182-6 | ||
| 090 | |a 200414 | ||
| 100 | |a Alemán Bracho, Carmen | ||
| 245 | |a Política social / |c Carmen Alemán Bracho | ||
| 260 | |a Madrid: |b McGraw-Hill | ||
| 300 | |a 578 p. | ||
| 500 | |a Incluye notas y referencias bibliográficas.Capítulo basado en la tesis "Exclusión yIncluye notas y referencias bibliográficas.Capítulo basado en la tesis "Exclusión y política social: respuestas públicas a las nuevas necesidades sociales en España y el Reino Unido" | ||
| 650 | |a POLITICA SOCIAL | ||
| 650 | |a POBREZA | ||
| 650 | |a DESIGUALDAD SOCIAL | ||
| 650 | |a TEORIA | ||
| 650 | |a IDEOLOGIAS | ||
| 650 | |a GRUPOS VULNERABLES | ||
| 650 | |a CONDICIONES ECONOMICAS | ||
| 650 | |a ADMINISTRACION DE LA ECONOMIA | ||
| 650 | |a ALIVIO DE LA POBREZA | ||
| 650 | |a PROGRAMAS GUBERNAMENTALES | ||
| 650 | |a MANEJO DE PROBLEMAS | ||
| 650 | |a RECOMENDACIONES | ||
| 650 | |a POLITICA LABORAL | ||
| 650 | |a SERVICIOS | ||
| 700 | |a coord. |a Garcés Ferrer, Jorge |a coord. | ||
| 999 | |c 15174 |d 15174 | ||



